000 00432nam a2200181Ia 4500
001 3686
005 20260306145701.0
008 260306t2004||||xx |||||||||||||| ||spa||
041 _aESP
082 _a302
_bC95
100 _aCuesta, Ubaldo
_eAUT
245 0 _aPsicologĂ­a social cognitiva de la publicidad
260 _c2004
300 _a172 páginas :
_c21 cm.
650 _aGEN
654 _aCPS
942 _cLIB
_dJUS
_fJUS
_2ddc
_n
999 _c3686
_d3686